| 000 | 00496nam a2200181Ia 4500 | ||
|---|---|---|---|
| 003 | GCL | ||
| 008 | 140319s9999 xx 000 0 eng d | ||
| 040 |
_aGCL / _cGCL |
||
| 082 | 0 | 4 |
_aREF _b610.28 _bB B |
| 100 | 1 | _aBRONZINO,JOSEPH | |
| 245 | 1 | 0 |
_aTHE BIOMEDICAL ENGINEERING HANBOOK / _cBRONZINO,JOSEPH |
| 260 |
_a[S.N] : _bCRC PRESS ، _c1995 |
||
| 300 | _a2862.P | ||
| 650 | 0 | 4 | _aالتحليل الرياضى |
| 650 | 0 | 4 | _aتقوية الذاكرة |
| 650 | 0 | 4 | _aBIOMEDICAL |
| 942 |
_2ddc _cBK |
||
| 999 |
_c12001 _d12001 |
||